Database systems: The complete book

Đã lưu trong:
书目详细资料
主要作者: Hector Garcia-Molina
格式: 图书
语言:Undetermined
出版: Upper Saddle River, NJ Prentice-Hall 2002
主题:
标签: 添加标签
没有标签, 成为第一个标记此记录!
Thư viện lưu trữ: Trung tâm Học liệu Trường Đại học Cần Thơ
LEADER 00624nam a2200193Ia 4500
001 CTU_56348
008 210402s9999 xx 000 0 und d
082 |a 005.74 
082 |b G216 
100 |a Hector Garcia-Molina 
245 0 |a Database systems: The complete book 
245 0 |c Hector Garcia-Molina, Jeffrey D. Ullman and Jennifer Widom 
260 |a Upper Saddle River, NJ 
260 |b Prentice-Hall 
260 |c 2002 
526 |a Nguyên lý hệ quản trị cơ sở dữ liệu 
526 |b CT237 
650 |a databases,database design 
980 |a Trung tâm Học liệu Trường Đại học Cần Thơ